00448nam a2200121Ia 4500008004100000082001600041100001500057245006900072260004100141365000600182630006900188730006900257100415s9999 xx 000 0 und d b5780a595.7 aParker,B.M aInsect Friends And Enemies : The Basre Sciences Education Series aEVANSTONc1956bROW PETERSON AND CO. b4 aInsect Friends And Enemies : The Basre Sciences Education Series aInsect Friends And Enemies : The Basre Sciences Education Series